ADULTHOOD AND FAMILY ISSUES OF PERSONS WITH INTELLECTUAL DISABILITY (Record no. 33229)

MARC details
000 -LEADER
fixed length control field 00345nam a22001337a 4500
003 - CONTROL NUMBER IDENTIFIER
control field SGT
020 ## - INTERNATIONAL STANDARD BOOK NUMBER
International Standard Book Number 9789349202542
082 ## - DEWEY DECIMAL CLASSIFICATION NUMBER
Classification number 371.92,YAD
100 ## - MAIN ENTRY--PERSONAL NAME
Personal name YADAV PRIYANKA
245 ## - TITLE STATEMENT
Title ADULTHOOD AND FAMILY ISSUES OF PERSONS WITH INTELLECTUAL DISABILITY
260 ## - PUBLICATION, DISTRIBUTION, ETC. (IMPRINT)
Place of publication, distribution, etc NEW DELHI
Name of publisher, distributor, etc V.R BOOK INTERNATIONAL
Year of Publication 2025
300 ## - PAGE DESCRIPTION
No. of Pages 196
942 ## - ADDED ENTRY ELEMENTS (KOHA)
Source of classification or shelving scheme Dewey Decimal Classification
Koha item type Books
Holdings
Withdrawn status Lost status Source of classification or shelving scheme Damaged status Not for loan Collection code Home library Current library Shelving location Date acquired Vendor Name Cost, normal purchase price SGTU Total Checkouts Full call number Accession No. (Barcode) Date last seen Bill Date Koha item type
    Dewey Decimal Classification   Not For Loan EDUCATION SGT Engineering Library SGT Engineering Library Reference Book 22/12/2025 SGTU FACULTY PUBLICATIONS 600.00 SGTU   371.92,YAD ED5435 22/12/2025 22/12/2025 Books